Afferent connections of the medial basal hypothalamus /

Bibliographic Details
Main Author: Záborszky, László, 1944-
Format: Book
Language:English
Published: Berlin ; New York : Springer-Verlag, 1982.
Series:Advances in anatomy, embryology, and cell biology ; v. 69.
Subjects:

MARC

Tag First Indicator Second Indicator Subfields
LEADER 00000cam a22000008a 4500
001 in00000090884
005 20151008063811.0
008 811005s1982 wb a b 00110 eng
010 |a  81016562  
020 |a 0387110763 (U.S.) 
035 |a (OCoLC)07925576 
035 |9 AAK2948AM 
039 0 |a 2  |b 3  |c 3  |d 3  |e 3 
040 |a DLC  |c DLC  |d TXA  |d UtOrBLW 
049 |a TXAM  |c [1672710] 
050 0 0 |a QL801  |b .E67 vol. 69  |a QM1455 
060 0 |a W1 AD433K v. 69  |a WL 312 Z11a 
082 0 |a 574.4 s  |a 596/.0188  |2 19 
100 1 |a Záborszky, László,  |d 1944- 
245 1 0 |a Afferent connections of the medial basal hypothalamus /  |c Laszlo Zaborszky. 
263 |a 8112 
264 1 |a Berlin ;  |a New York :  |b Springer-Verlag,  |c 1982. 
300 |a viii, 107 pages :  |b illustrations ;  |c 24 cm. 
336 |a text  |b txt  |2 rdacontent 
337 |a unmediated  |b n  |2 rdamedia 
338 |a volume  |b nc  |2 rdacarrier 
490 1 |a Advances in anatomy, embryology, and cell biology ;  |v v. 69 
500 |a Includes index. 
504 |a Bibliography: pages 85-102. 
650 0 |a Hypothalamus. 
650 0 |a Afferent pathways. 
650 2 |a Afferent Pathways. 
650 2 |a Hypothalamus. 
830 0 |a Advances in anatomy, embryology, and cell biology ;  |v v. 69. 
999 |a MARS 
999 f f |s 41a1370c-b5fc-388c-a5a4-015a7d2c5576  |i cea0bb35-7387-3272-b620-598aea15acf5  |t 0 
952 f f |p normal  |a Texas A&M University  |b College Station  |c Sterling C. Evans Library  |d Evans: Library Stacks  |t 0  |e QL801 .E67 v.69  |h Library of Congress classification  |i unmediated -- volume  |m A14806222534 
998 f f |a QL801 .E67 v.69  |t 0  |l Evans: Library Stacks